000 00420nam a2200145Ia 4500
003 OSt
005 20260122122527.0
008 211028s2015 xx 000 0 und d
040 _cAIMIT LIBRARY
041 _aeng
100 _aMusthaf; Pereira, Divya.
_g1316091
_97363
245 _aStudy on employee satisfaction with reference to KKAM dealers Shimoga /
260 _aMangalore
_bDivyaPereira
_c2015
942 _2ddc
_cPRO
999 _c218933
_d218933